000 00922nam a22002417a 4500
005 20180112142219.0
010 _a1718EN-30 ENG-115901
020 _a9788173719974
_c375.00
035 _aEN-99433
035 _aB-682454-466
037 _bAakar
_adpl
037 _bDBAD/PUB
082 _a616.9041
245 _aAnanthanarayan and paniker's textbook of microbiology for nurses/
_cedited by Balaji Veeraraghavan
250 _a2nd ed
260 _aHydrabad
_bUniversities Press
_c2016
270 _a 3-6-747/1/A&3-6-754/1,Himayat Nagar
_bHydrabad
_e500029
300 _a334p. :
_c28cm(pbk)
_bill
500 _aIncludes index
700 _aVeeraraghavan, Balaji
942 _2ddc
_cEN
_h616.9041
_mANA
999 _c102978
_d102978